F1 - 2011 Season - Statistics

General Stats
  • This quiz has been taken 7 times
  • The average score is 58 of 117
Answer Stats
Hint Answer % Correct
Ferrari
100%
Red Bull Racing
100%
2011 Calendar Albert Park Grand Prix Circuit
75%
Australia
75%
2011 Teams Australian Grand Prix
75%
Autódromo José Carlos Pace
75%
Autodromo Nazionale Monza
75%
Belgian Grand Prix
75%
Brazil
75%
Brazilian Grand Prix
75%
British Grand Prix
75%
Canadian Grand Prix
75%
Chinese Grand Prix
75%
Christian Horner
75%
Circuit de Catalunya
75%
Circuit de Spa-Francorchamps
75%
Circuit Gilles Villeneuve
75%
European Grand Prix
75%
Felipe Massa
75%
Fernando Alonso
75%
Force India
75%
German Grand Prix
75%
Germany
75%
Hungarian Grand Prix
75%
Hungaroring
75%
India
75%
Indian Grand Prix
75%
Istanbul Park
75%
Italian Grand Prix
75%
Italy
75%
Japan
75%
Japanese Grand Prix
75%
Jenson Button
75%
Lewis Hamilton
75%
Lotus
75%
Malaysian Grand Prix
75%
Mark Webber
75%
McLaren
75%
Mercedes
75%
Michael Schumacher
75%
Nico Rosberg
75%
Peter Sauber
75%
Renault
75%
Sauber
75%
Sebastian Vettel
75%
Sepang International Circuit
75%
Shanghai International Circuit
75%
Silverstone Circuit
75%
Sir Frank Williams
75%
Spain
75%
Spanish Grand Prix
75%
Suzuka Circuit
75%
Turkish Grand Prix
75%
UK
75%
Valencia Street Circuit
75%
Williams
75%
Abu Dhabi Grand Prix
50%
Bruno Senna
50%
Buddh International Circuit
50%
Circuit de Monaco
50%
Daniel Ricciardo
50%
Finland
50%
Heikki Kovalainen
50%
HRT
50%
Marina Bay Street Circuit
50%
Mexico
50%
Monaco Grand Prix
50%
MP4-26
50%
Nürburgring
50%
RB7
50%
Ross Brawn
50%
Sergio Pérez
50%
Singapore Grand Prix
50%
Stefano Domenicali
50%
Toro Rosso
50%
Vitaly Petrov
50%
Yas Marina Circuit
50%
150º Italia
25%
Adrian Sutil
25%
Belgium
25%
Jaime Alguersuari
25%
Kamui Kobayashi
25%
Korea International Circuit
25%
Korean Grand Prix
25%
Narain Karthikeyan
25%
Nick Heidfeld
25%
Pastor Maldonado
25%
Pedro de la Rosa
25%
R31
25%
Rubens Barrichello
25%
Russia
25%
Sébastien Buemi
25%
Timo Glock
25%
Venezuela
25%
Virgin
25%
Vitantonio Liuzzi
25%
W02
25%
C30
0%
Colin Kolles
0%
Cosworth
0%
Éric Boullier
0%
F111
0%
Franz Tost
0%
FW33
0%
Jarno Trulli
0%
Jérôme d'Ambrosio
0%
John Booth
0%
Karun Chandhok
0%
Martin Whitmarsh
0%
MVR-02
0%
Paul di Resta
0%
STR6
0%
Switzerland
0%
T128
0%
Tony Fernandes
0%
Vijay Mallya
0%
VJM04
0%
No matching quizzes found
Score Distribution
Percent of People with Each Score
Percentile by Number Answered
Your Score History
You have not taken this quiz